[Event "Pere Noel"]
[Site "Montreal CAN"]
[Date "2016.12.28"]
[Round "3.18"]
[White "Destree, Frederic"]
[Black "Nesterov, Timour"]
[Result "1/2-1/2"]
[WhiteElo "1935"]
[BlackElo "1878"]
[PlyCount "63"]
[EventDate "2016.12.26"]
[EventType "swiss"]
[EventRounds "5"]
[EventCountry "CAN"]

1. Nf3 d5 2. g3 Nc6 3. Bg2 e5 4. d3 Bg4 5. O-O Qd7 6. Nbd2 Bh3 7. c4 Bxg2 8.
Kxg2 Nf6 9. cxd5 Qxd5 10. Qb3 Qxb3 11. Nxb3 e4 12. dxe4 Nxe4 13. Be3 Bd6 14.
Rfd1 O-O 15. Rac1 f5 16. Nbd4 Nxd4 17. Nxd4 Be5 18. Ne6 Rf7 19. f3 Nf6 20. f4
Bxb2 21. Rb1 Re7 22. Nxc7 Rc8 23. Rxb2 Rxe3 24. Nd5 Nxd5 25. Rxd5 Rce8 26. Kf2
g6 27. Rd7 R8e7 28. Rd8+ Kf7 29. Rh8 Kg7 30. Ra8 b6 31. Rc8 h5 32. h4 1/2-1/2

[Event "Pere Noel"]
[Site "Montreal CAN"]
[Date "2016.12.29"]
[Round "4.5"]
[White "Durette, Francis"]
[Black "Leveille, Francois"]
[Result "0-1"]
[WhiteElo "2106"]
[BlackElo "2336"]
[PlyCount "142"]
[EventDate "2016.12.26"]
[EventType "swiss"]
[EventRounds "5"]
[EventCountry "CAN"]

1. e4 c5 2. Nf3 Nc6 3. d4 cxd4 4. Nxd4 Nf6 5. Nc3 e5 6. Ndb5 d6 7. Bg5 a6 8.
Na3 b5 9. Nd5 Be7 10. Bxf6 Bxf6 11. c3 Bg5 12. Nc2 Rb8 13. Ncb4 Nxb4 14. cxb4
O-O 15. h4 Bh6 16. g4 Bf4 17. g5 Be6 18. Nxf4 exf4 19. Qd2 Rc8 20. Bg2 f6 21.
Qxf4 fxg5 22. Qxg5 Qxg5 23. hxg5 Rc2 24. O-O Bc4 25. Rfc1 Rxb2 26. f3 Rxb4 27.
Rd1 Be2 28. Rxd6 Bxf3 29. Bxf3 Rxf3 30. Re1 Rg3+ 31. Kf2 Rxg5 32. Rxa6 Ra4 33.
Rxa4 bxa4 34. Kf3 Rc5 35. Re2 Kf7 36. Rb2 h5 37. Rb4 Kf6 38. Rxa4 Rc3+ 39. Kg2
g5 40. Ra6+ Ke5 41. Ra5+ Kf4 42. Rf5+ Kg4 43. Rf2 Re3 44. e5 Rxe5 45. a4 Ra5
46. Ra2 Kf4 47. Ra3 Ke4 48. Ra1 Kd4 49. Rh1 g4 50. Kg3 Rf5 51. Ra1 Ra5 52. Rh1
Kc4 53. Kh4 Kb4 54. Ra1 Kb3 55. Rb1+ Kxa4 56. Ra1+ Kb4 57. Rb1+ Kc4 58. Rc1+
Kd3 59. Rb1 Rf5 60. Rb3+ Ke2 61. Rb2+ Kf1 62. Rb1+ Kg2 63. Rb5 Rf2 64. Kxh5 g3
65. Kg4 Ra2 66. Rb8 Ra4+ 67. Kg5 Kh1 68. Rh8+ Kg1 69. Rb8 g2 70. Rc8 Kh2 71.
Rc2 Kh1 0-1

[Event "Pere Noel"]
[Site "Montreal CAN"]
[Date "2016.12.29"]
[Round "4.6"]
[White "Masse, Hugues"]
[Black "Prahov, Valentin"]
[Result "1-0"]
[WhiteElo "2314"]
[BlackElo "2122"]
[PlyCount "93"]
[EventDate "2016.12.26"]
[EventType "swiss"]
[EventRounds "5"]
[EventCountry "CAN"]

1. d4 Nf6 2. c4 g6 3. Nc3 d5 4. Bf4 Bg7 5. e3 O-O 6. Rc1 Nc6 7. Nf3 Be6 8. Be2
h6 9. h3 dxc4 10. e4 Nh5 11. Be3 Na5 12. d5 Bd7 13. Qd2 Kh7 14. g4 Nf6 15. e5
Ng8 16. O-O c6 17. d6 b5 18. Ne4 Nb7 19. Rfd1 Be6 20. Bf4 f5 21. Neg5+ hxg5 22.
Nxg5+ Kh8 23. Nxe6 Qd7 24. Nxf8 Rxf8 25. g5 exd6 26. exd6 Nc5 27. Qe3 Ne6 28.
Be5 f4 29. Bxg7+ Nxg7 30. Qc3 Kh7 31. Bg4 Qd8 32. Qe5 f3 33. h4 Nf5 34. Bxf5
Rxf5 35. Qg3 Qd7 36. Re1 Rd5 37. Rcd1 Rxd1 38. Rxd1 Ne7 39. Qxf3 Nd5 40. Re1 b4
41. h5 c3 42. bxc3 bxc3 43. Kg2 Kg7 44. h6+ Kg8 45. Qe4 Qxd6 46. Qe8+ Qf8 47.
h7+ 1-0

[Event "Pere Noel"]
[Site "Montreal CAN"]
[Date "2016.12.29"]
[Round "4.7"]
[White "Ivakhin, Mikhail"]
[Black "Zhu, Hong Rui"]
[Result "0-1"]
[WhiteElo "2012"]
[BlackElo "2311"]
[PlyCount "74"]
[EventDate "2016.12.26"]
[EventType "swiss"]
[EventRounds "5"]
[EventCountry "CAN"]

1. c4 c5 2. Nf3 Nc6 3. Nc3 e5 4. g3 g6 5. Bg2 Bg7 6. d3 Nge7 7. Ne4 d6 8. Bg5
O-O 9. O-O f6 10. Bd2 Rb8 11. Nc3 a6 12. a4 Be6 13. e3 Kh8 14. Qe2 f5 15. d4
cxd4 16. exd4 e4 17. Bh1 Bg8 18. Ng5 Nxd4 19. Qd1 h6 20. Nh3 Bxc4 21. Bxh6 Nec6
22. Bxg7+ Kxg7 23. Re1 Bb3 24. Qd2 Nc2 25. Nf4 Nxa1 26. Rxa1 Qf6 27. Ncd5 Qe5
28. Nb6 Rbd8 29. h4 Bf7 30. Rd1 d5 31. h5 Rh8 32. hxg6 Bxg6 33. Nfxd5 Bh5 34.
Qg5+ Kf7 35. Rd2 Bf3 36. Bg2 Rh5 37. Qe3 Rdh8 0-1

[Event "Pere Noel"]
[Site "Montreal CAN"]
[Date "2016.12.29"]
[Round "4.9"]
[White "Huang, Qiuyu"]
[Black "Ouellet, Maili-Jade"]
[Result "0-1"]
[WhiteElo "2205"]
[BlackElo "1959"]
[PlyCount "88"]
[EventDate "2016.12.26"]
[EventType "swiss"]
[EventRounds "5"]
[EventCountry "CAN"]

1. e4 c5 2. Nf3 e6 3. d4 cxd4 4. Nxd4 a6 5. Bd3 Bc5 6. Nb3 Be7 7. Qe2 d6 8. c4
Nf6 9. Nc3 b6 10. Be3 Bb7 11. O-O Qc7 12. a4 Nbd7 13. a5 Rb8 14. axb6 Nxb6 15.
f4 h5 16. Kh1 Ng4 17. Bg1 Nd7 18. Bc2 Ndf6 19. Nd4 g6 20. Ba4+ Kf8 21. h4 Rc8
22. Bb3 Nd7 23. f5 gxf5 24. Ba2 Bxh4 25. Rad1 Rh6 26. b4 Be7 27. Rd3 Nde5 28.
Rh3 Nxc4 29. exf5 e5 30. f6 Nxf6 31. Nf5 Rg6 32. Rg3 Rxg3 33. Nxg3 h4 34. Nge4
Nxe4 35. Nxe4 h3 36. Bc5 hxg2+ 37. Kxg2 Qc6 38. Bb1 dxc5 39. Qh5 Ne3+ 40. Kg1
Ke8 41. Rxf7 Kd8 42. Qxe5 Qg6+ 43. Ng5 Qxb1+ 44. Kf2 Ng4+ 0-1

[Event "Pere Noel"]
[Site "Montreal CAN"]
[Date "2016.12.29"]
[Round "4.10"]
[White "Lopez Linares, Lizandro"]
[Black "Guipi Bopala, Prince Eric jr"]
[Result "1-0"]
[WhiteElo "2239"]
[BlackElo "1806"]
[PlyCount "111"]
[EventDate "2016.12.26"]
[EventType "swiss"]
[EventRounds "5"]
[EventCountry "CAN"]

1. d4 d5 2. c4 e6 3. Nc3 Be7 4. Nf3 Nf6 5. Bg5 O-O 6. e3 h6 7. Bh4 Nbd7 8. Rc1
Re8 9. cxd5 exd5 10. Bd3 c6 11. O-O Ne4 12. Bg3 Nxg3 13. hxg3 Bd6 14. Qc2 Nf6
15. a3 Qe7 16. Na4 Bg4 17. Nd2 Rac8 18. Rfe1 Qc7 19. b4 a6 20. Nc5 Nd7 21. Ndb3
Nxc5 22. bxc5 Bf8 23. Qc3 Be7 24. Rb1 Bd8 25. Rb2 Rb8 26. Reb1 Be6 27. Nd2 Bf6
28. Rb6 Kh8 29. Qb2 Re7 30. Bxa6 Bc8 31. Bd3 Ra8 32. Qb4 g6 33. a4 Re6 34. a5
Bd8 35. a6 bxa6 36. Rb8 Ra7 37. Qb6 Qd7 38. Rxc8 Qxc8 39. Qxa7 Re7 40. Rb8 Rxa7
41. Rxc8 Rd7 42. Bxa6 Kg7 43. Rxc6 Ba5 44. Nf3 Rd8 45. Bc8 Re8 46. Ne5 Re7 47.
Nd7 Re6 48. Rxe6 fxe6 49. Nb6 Kf7 50. f3 Ke7 51. Kf2 Kf6 52. e4 dxe4 53. fxe4
h5 54. Nc4 Bc7 55. d5 exd5 56. exd5 1-0

[Event "Pere Noel"]
[Site "Montreal CAN"]
[Date "2016.12.29"]
[Round "4.11"]
[White "Robichaud, Louis"]
[Black "Fillion, Steve"]
[Result "1-0"]
[WhiteElo "2141"]
[BlackElo "2144"]
[PlyCount "59"]
[EventDate "2016.12.26"]
[EventType "swiss"]
[EventRounds "5"]
[EventCountry "CAN"]

1. e4 c6 2. d3 d5 3. Nd2 e5 4. Ngf3 Bd6 5. g3 Ne7 6. Bg2 O-O 7. O-O f6 8. c3
Bg4 9. Qe2 Nd7 10. h3 Bh5 11. Re1 Qb6 12. Nf1 Rae8 13. b4 d4 14. Bd2 c5 15.
bxc5 Bxc5 16. g4 Bf7 17. Rab1 Qa6 18. cxd4 exd4 19. Bb4 Nc6 20. a3 Qa4 21. Qd1
Qxd1 22. Rexd1 Rc8 23. Ng3 g6 24. Ne2 Rfd8 25. g5 Kg7 26. gxf6+ Kxf6 27. Bd2
Kg7 28. Rxb7 Bb6 29. Ng5 Bg8 30. Nf4 1-0

[Event "Pere Noel"]
[Site "Montreal CAN"]
[Date "2016.12.29"]
[Round "4.13"]
[White "Marin, Sam"]
[Black "Zhong, Kevin"]
[Result "1-0"]
[WhiteElo "2020"]
[BlackElo "1819"]
[PlyCount "71"]
[EventDate "2016.12.26"]
[EventType "swiss"]
[EventRounds "5"]
[EventCountry "CAN"]

1. e4 c5 2. Nf3 Nc6 3. Bb5 e6 4. O-O Nge7 5. c3 a6 6. Ba4 b5 7. Bc2 d5 8. d3
Bb7 9. Nbd2 Ng6 10. Re1 Be7 11. Nf1 O-O 12. a3 Qc7 13. exd5 exd5 14. d4 cxd4
15. cxd4 Bf6 16. Ne3 Rad8 17. Ng4 Be7 18. Qd3 Bc8 19. Nge5 Ncxe5 20. Nxe5 Bd6
21. Bf4 Rfe8 22. Rac1 Qb6 23. Bg5 f6 24. Bxf6 gxf6 25. Nxg6 Rxe1+ 26. Rxe1
Bxh2+ 27. Kh1 f5 28. Ne7+ Kh8 29. Kxh2 Qc7+ 30. Qg3 Qxg3+ 31. Kxg3 Kg7 32.
Nxf5+ Kf6 33. Kf4 Be6 34. Rh1 Rc8 35. Rh6+ Kf7 36. Nd6+ 1-0

[Event "Pere Noel"]
[Site "Montreal CAN"]
[Date "2016.12.29"]
[Round "4.14"]
[White "Goldner, John"]
[Black "Yao, Houji"]
[Result "0-1"]
[WhiteElo "1714"]
[BlackElo "2013"]
[PlyCount "74"]
[EventDate "2016.12.26"]
[EventType "swiss"]
[EventRounds "5"]
[EventCountry "CAN"]

1. e4 c5 2. Nf3 e6 3. Nc3 a6 4. a4 Qc7 5. Be2 Be7 6. d3 Nc6 7. Be3 Nf6 8. h3 b6
9. O-O Bb7 10. Re1 O-O 11. Bf1 Rac8 12. Rc1 Rfd8 13. Ne2 d5 14. exd5 Nxd5 15.
Bd2 Bf6 16. Rb1 Qd7 17. Qc1 Ncb4 18. Ra1 h6 19. Nh2 Bc6 20. a5 b5 21. Ng4 Be7
22. Ne5 Qc7 23. Nxc6 Nxc6 24. Ng3 Nd4 25. Ne4 Re8 26. c3 Nb3 27. Qc2 Nxa1 28.
Rxa1 Qd8 29. Re1 Rc6 30. Be2 Qd7 31. Bf3 Rc7 32. Rd1 c4 33. d4 b4 34. Ra1 Qb5
35. Be2 f5 36. Ng3 Rb8 37. b3 bxc3 0-1

[Event "Pere Noel"]
[Site "Montreal CAN"]
[Date "2016.12.29"]
[Round "4.15"]
[White "Lemieux, Serge"]
[Black "Bouchard, Jean-Marc"]
[Result "1-0"]
[WhiteElo "1688"]
[BlackElo "1986"]
[PlyCount "71"]
[EventDate "2016.12.26"]
[EventType "swiss"]
[EventRounds "5"]
[EventCountry "CAN"]

1. d4 d5 2. e3 e6 3. Bd3 f5 4. Nf3 Nf6 5. Nbd2 Bd6 6. O-O O-O 7. c4 c6 8. Ne5
b6 9. f4 Bb7 10. Ndf3 Ne4 11. a3 Nd7 12. Bd2 c5 13. Be1 Nxe5 14. fxe5 Be7 15.
Rc1 dxc4 16. Bxc4 Bd5 17. Qb3 Rc8 18. Bxd5 Qxd5 19. Qxd5 exd5 20. Nd2 Ng5 21.
Nf3 Ne6 22. Bf2 b5 23. Bh4 g5 24. Bf2 a5 25. dxc5 Nxc5 26. Nd4 b4 27. axb4 axb4
28. Be1 Nd3 29. Rxc8 Rxc8 30. Nxf5 Bc5 31. Nh6+ Kg7 32. Ng4 h5 33. Nf6 Bxe3+
34. Kh1 Kg6 35. Nxd5 Bd4 36. Ne7+ 1-0

[Event "Pere Noel"]
[Site "Montreal CAN"]
[Date "2016.12.29"]
[Round "4.16"]
[White "Hetman, Jacob"]
[Black "Zumsteg, Nicolas"]
[Result "0-1"]
[WhiteElo "1398"]
[BlackElo "1862"]
[PlyCount "102"]
[EventDate "2016.12.26"]
[EventType "swiss"]
[EventRounds "5"]
[EventCountry "CAN"]

1. e4 e5 2. Nf3 Nf6 3. Nxe5 d6 4. Nf3 Nxe4 5. Qe2 Qe7 6. d3 Nf6 7. Bg5 Qxe2+ 8.
Bxe2 Be7 9. O-O O-O 10. Re1 h6 11. Bxf6 Bxf6 12. Nc3 c6 13. Ne4 Be7 14. d4 d5
15. Ng3 Be6 16. Ne5 Re8 17. Bd3 Nd7 18. Nh5 Nxe5 19. dxe5 Bg4 20. Nf4 g5 21.
Ne2 Bc5 22. Ng3 Bd4 23. h3 Bc8 24. Nh5 Rxe5 25. Rxe5 Bxe5 26. Re1 f6 27. Re3
Bd7 28. Rxe5 fxe5 29. Nf6+ Kg7 30. Nxd7 e4 31. Be2 Rd8 32. Bg4 h5 33. Bf5 b6
34. g4 h4 35. Kf1 c5 36. Ne5 d4 37. Nc6 d3 38. cxd3 Rxd3 39. Ke2 Rxh3 40. Bxe4
c4 41. Kf1 Kf6 42. Kg2 Rd3 43. Nb4 Rd2 44. b3 cxb3 45. axb3 Rd4 46. Nd5+ Ke5
47. f4+ Kxe4 48. Nc3+ Kxf4 49. Ne2+ Ke3 50. Nxd4 Kxd4 51. Kf3 a5 0-1

[Event "Pere Noel"]
[Site "Montreal CAN"]
[Date "2016.12.29"]
[Round "4.17"]
[White "Nesterov, Timour"]
[Black "Gagnon, Serge"]
[Result "0-1"]
[WhiteElo "1878"]
[BlackElo "1958"]
[PlyCount "92"]
[EventDate "2016.12.26"]
[EventType "swiss"]
[EventRounds "5"]
[EventCountry "CAN"]

1. d4 d6 2. e4 Nf6 3. Nc3 g6 4. f4 Bg7 5. Nf3 O-O 6. h3 Nc6 7. g4 h5 8. e5 dxe5
9. fxe5 Nxg4 10. hxg4 hxg4 11. Ng5 Qxd4 12. Qxd4 Nxd4 13. Bd3 Bxe5 14. Be3 Bg3+
15. Bf2 Bxf2+ 16. Kxf2 Bf5 17. Nd5 e6 18. Nf6+ Kg7 19. Nd7 Rh8 20. Ne4 Rh3 21.
Rxh3 gxh3 22. Rh1 Rh8 23. Ne5 f6 24. Nc4 e5 25. Ne3 Rh4 26. Nxf5+ Nxf5 27. Nc5
Kf7 28. c3 b6 29. Ne4 Nd6 30. Nd2 g5 31. Kg3 e4 32. Bc4+ Nxc4 33. Nxc4 f5 34.
Rxh3 b5 35. Ne5+ Ke6 36. Ng6 f4+ 37. Nxf4+ Rxf4 38. Rh8 Kd5 39. Rg8 Kc4 40.
Rxg5 Rf3+ 41. Kg2 Kd3 42. Rd5+ Ke2 43. Rxb5 Rf2+ 44. Kg1 e3 45. Re5 Rf7 46. Re6
Kd2 0-1

[Event "Pere Noel"]
[Site "Montreal CAN"]
[Date "2016.12.30"]
[Round "5.6"]
[White "Ouellet, Maili-Jade"]
[Black "Lopez Linares, Lizandro"]
[Result "1-0"]
[WhiteElo "1959"]
[BlackElo "2239"]
[PlyCount "121"]
[EventDate "2016.12.26"]
[EventType "swiss"]
[EventRounds "5"]
[EventCountry "CAN"]

1. d4 d5 2. c4 c6 3. Nf3 Nf6 4. Nc3 dxc4 5. a4 Bf5 6. Ne5 Nbd7 7. Nxc4 Nb6 8.
Ne5 a5 9. g3 e6 10. Bg2 Bb4 11. O-O h6 12. e3 O-O 13. Qe2 Bh7 14. Rd1 Nfd7 15.
Nd3 Qe7 16. e4 Rfd8 17. Bf4 Rac8 18. Nxb4 Qxb4 19. f3 Kh8 20. Bf1 f6 21. Be3
Bg8 22. e5 fxe5 23. dxe5 Nxe5 24. Bxh6 Nf7 25. Be3 Nd5 26. Rd4 Qe7 27. Rh4+ Bh7
28. Bd4 e5 29. Nxd5 Rxd5 30. Be3 Kg8 31. Qf2 Bd3 32. Re1 Bxf1 33. Kxf1 Qd7 34.
Qc2 Rd3 35. Qc4 Qf5 36. Qe4 Qxe4 37. Rxe4 Rb3 38. Re2 Rd8 39. Kf2 Rd5 40. f4
Kh7 41. Bc1 Rd1 42. Rc2 exf4 43. Bxf4 Rb1 44. Bc1 Ra1 45. Bd2 Rh1 46. Rh4+ Nh6
47. Bxa5 g5 48. Kg2 gxh4 49. Kxh1 h3 50. Bc3 Ng4 51. Re2 Kg6 52. Kg1 Kf5 53.
Re1 c5 54. Rf1+ Kg6 55. Rf4 Ne3 56. g4 Kg5 57. Rf3 Rxc3 58. bxc3 Nd1 59. Rf5+
Kxg4 60. Rxc5 Kf3 61. Rb5 1-0

[Event "Pere Noel"]
[Site "Montreal CAN"]
[Date "2016.12.30"]
[Round "5.7"]
[White "Voskanyan, Vahagn"]
[Black "Huang, Qiuyu"]
[Result "1-0"]
[WhiteElo "2251"]
[BlackElo "2205"]
[PlyCount "115"]
[EventDate "2016.12.26"]
[EventType "swiss"]
[EventRounds "5"]
[EventCountry "CAN"]

1. Nf3 d5 2. d4 Nf6 3. c4 e6 4. Nc3 Be7 5. Bg5 h6 6. Bh4 O-O 7. e3 b6 8. cxd5
exd5 9. Bd3 Bb7 10. Qc2 Nbd7 11. O-O Ne4 12. Bxe7 Qxe7 13. Rac1 Rfc8 14. Qb3
Ndf6 15. Bxe4 dxe4 16. Nd2 c5 17. Qa3 Qe6 18. Ne2 Rd8 19. Rc2 Qg4 20. Nc4 cxd4
21. Nxd4 Rd5 22. h3 Qd7 23. Ne2 Rg5 24. Nf4 Nd5 25. Rd1 Rc8 26. Rcc1 b5 27. Qd6
Qf5 28. Na5 Nxf4 29. Qxf4 Rxc1 30. Rxc1 Bd5 31. Rc5 Qg6 32. g3 Qb6 33. b4 Be6
34. Rxg5 hxg5 35. Qxe4 Qd6 36. Qd4 Qxd4 37. exd4 Kf8 38. Nc6 a6 39. h4 gxh4 40.
gxh4 f6 41. f4 Ke8 42. Kf2 Bd5 43. Na5 Bxa2 44. Nb7 Kf7 45. Nc5 Kg6 46. Nxa6
Bd5 47. Nc7 Bc6 48. d5 Bd7 49. Na6 Kf7 50. Nc5 Bg4 51. d6 g6 52. Ke3 Bh3 53.
Kd4 Bg2 54. f5 gxf5 55. h5 f4 56. d7 Ke7 57. h6 f3 58. h7 1-0

[Event "Pere Noel"]
[Site "Montreal CAN"]
[Date "2016.12.30"]
[Round "5.8"]
[White "Guipi Bopala, Prince Eric jr"]
[Black "Beaulieu, Eric"]
[Result "0-1"]
[WhiteElo "1806"]
[BlackElo "2202"]
[PlyCount "108"]
[EventDate "2016.12.26"]
[EventType "swiss"]
[EventRounds "5"]
[EventCountry "CAN"]

1. d4 d5 2. c4 e5 3. dxe5 d4 4. Nf3 Nc6 5. a3 Nge7 6. Bf4 Ng6 7. Bg3 Be6 8.
Nbd2 a5 9. b3 Bc5 10. Ne4 Qe7 11. Qc1 O-O-O 12. h4 Bf5 13. Nxc5 Qxc5 14. Qd2
Rhe8 15. h5 Ngxe5 16. Nxe5 Nxe5 17. Bxe5 Rxe5 18. g3 Rde8 19. h6 gxh6 20. Rxh6
d3 21. e3 Rxe3+ 22. fxe3 Rxe3+ 23. Kd1 Qe5 24. Rb1 Bg4+ 25. Kc1 Re1+ 26. Qxe1
Qxe1+ 27. Kb2 Qd2+ 28. Ka1 Qc3+ 29. Ka2 Qd2+ 30. Rb2 Qxh6 31. Bxd3 Be6 32. Bf1
Qc1 33. Bd3 b5 34. Rc2 Qe3 35. Be2 a4 36. bxa4 bxa4 37. Rb2 Qxe2 38. Rxe2 Bxc4+
39. Kb2 Bxe2 40. Kc3 Kd7 41. Kb4 Bd1 42. Kc5 c6 43. Kc4 Kd6 44. Kd4 c5+ 45. Kc4
Bb3+ 46. Kc3 Ke5 47. Kd3 c4+ 48. Ke3 c3 49. Kd3 c2 50. Kd2 Ke4 51. Kc1 Kf3 52.
Kd2 h5 53. Kc1 Ke2 54. Kb2 Kd2 0-1

[Event "Pere Noel"]
[Site "Montreal CAN"]
[Date "2016.12.30"]
[Round "5.9"]
[White "Zumsteg, Nicolas"]
[Black "Robichaud, Louis"]
[Result "0-1"]
[WhiteElo "1862"]
[BlackElo "2141"]
[PlyCount "70"]
[EventDate "2016.12.26"]
[EventType "swiss"]
[EventRounds "5"]
[EventCountry "CAN"]

1. e4 e5 2. Nf3 Nc6 3. Bc4 Bc5 4. c3 Nf6 5. d4 exd4 6. cxd4 Bb4+ 7. Nc3 Nxe4 8.
O-O Bxc3 9. bxc3 d5 10. Bd3 O-O 11. Qc2 Re8 12. Re1 Bf5 13. Bf4 Bg6 14. Ne5
Nxe5 15. Bxe5 Nd6 16. Bxg6 hxg6 17. Qb3 c6 18. Bxd6 Qxd6 19. Qxb7 c5 20. Qb5
Rec8 21. dxc5 Rxc5 22. Qb7 Rb8 23. Qxa7 Rxc3 24. Re7 Rbc8 25. g3 Rc1+ 26. Rxc1
Rxc1+ 27. Kg2 d4 28. Qa8+ Kh7 29. Rxf7 d3 30. Qb7 Qe5 31. Rd7 d2 32. Rxd2 Qe1
33. Qd5 Qf1+ 34. Kf3 Qh1+ 35. Ke2 Re1+ 0-1

[Event "Pere Noel"]
[Site "Montreal CAN"]
[Date "2016.12.30"]
[Round "5.10"]
[White "Prahov, Valentin"]
[Black "Marin, Sam"]
[Result "0-1"]
[WhiteElo "2122"]
[BlackElo "2020"]
[PlyCount "126"]
[EventDate "2016.12.26"]
[EventType "swiss"]
[EventRounds "5"]
[EventCountry "CAN"]

1. e4 e6 2. d4 d5 3. e5 c5 4. c3 Nc6 5. Nf3 Qb6 6. a3 Nh6 7. b4 cxd4 8. cxd4
Nf5 9. Be3 Bd7 10. Bd3 Rc8 11. Bxf5 exf5 12. O-O Nd8 13. Qd3 Qb5 14. Qb3 Ne6
15. Nc3 Qd3 16. Rac1 f4 17. Rfd1 Rxc3 18. Rxc3 Qa6 19. Bd2 Ba4 20. Qb1 Bxd1 21.
Qxd1 Be7 22. Qb3 Qb5 23. Rc8+ Bd8 24. a4 Qd7 25. Rc1 O-O 26. b5 Bb6 27. Qb4 Rc8
28. Rxc8+ Qxc8 29. a5 Bd8 30. h3 Qd7 31. Ne1 Be7 32. Qb2 Qc8 33. Qc3 Qxc3 34.
Bxc3 Nc7 35. b6 axb6 36. axb6 Nb5 37. Bb2 Bd8 38. Nd3 g5 39. h4 h6 40. hxg5
hxg5 41. Nb4 Bxb6 42. Nc2 Kf8 43. Kf1 Ke7 44. Ke2 Ke6 45. Kd3 Bd8 46. f3 f6 47.
exf6 Bxf6 48. Nb4 Nd6 49. Nc2 Nf5 50. Ke2 Kd6 51. Kd3 Nh4 52. Ne1 Bd8 53. Bc3
Kc6 54. Ke2 Kb5 55. Kf2 Kc4 56. Bd2 Nf5 57. g4 Nxd4 58. Ng2 Bc7 59. Ne1 Nb3 60.
Ke2 Nxd2 61. Kxd2 Ba5+ 62. Ke2 Bxe1 63. Kxe1 Kc3 0-1

[Event "Pere Noel"]
[Site "Montreal CAN"]
[Date "2016.12.30"]
[Round "5.11"]
[White "Yao, Houji"]
[Black "Durette, Francis"]
[Result "1-0"]
[WhiteElo "2013"]
[BlackElo "2106"]
[PlyCount "79"]
[EventDate "2016.12.26"]
[EventType "swiss"]
[EventRounds "5"]
[EventCountry "CAN"]

1. e4 e5 2. Nf3 Nc6 3. Bb5 a6 4. Bxc6 dxc6 5. Nc3 f6 6. d4 Bg4 7. dxe5 Qxd1+ 8.
Nxd1 Bxf3 9. gxf3 fxe5 10. f4 Bd6 11. fxe5 Bxe5 12. Be3 O-O-O 13. c3 Rf8 14.
Ke2 Ne7 15. f3 Ng6 16. Nf2 Rf7 17. Nd3 Bd6 18. h4 Rhf8 19. h5 Ne5 20. Nxe5 Bxe5
21. Raf1 Kd7 22. Rhg1 Ke6 23. Rg4 b6 24. f4 Bd6 25. f5+ Ke7 26. Bd4 Rg8 27.
Bxg7 Be5 28. Bf6+ Rxf6 29. Rxg8 Rh6 30. Rh1 Kf6 31. Re8 Bf4 32. Re6+ Kf7 33.
Kf3 Bg5 34. Rxh6 Bxh6 35. e5 Bg7 36. Ke4 Bf8 37. Rd1 Ke7 38. e6 Bg7 39. Rd7+
Kf8 40. h6 1-0

[Event "Pere Noel"]
[Site "Montreal CAN"]
[Date "2016.12.30"]
[Round "5.12"]
[White "Gauthier, Denis"]
[Black "Ivakhin, Mikhail"]
[Result "1-0"]
[WhiteElo "2087"]
[BlackElo "2012"]
[PlyCount "91"]
[EventDate "2016.12.26"]
[EventType "swiss"]
[EventRounds "5"]
[EventCountry "CAN"]

1. d4 e6 2. c4 Nf6 3. Nf3 d5 4. Nc3 c6 5. e3 Bd6 6. Qd3 Nbd7 7. g3 a6 8. Bg2
O-O 9. O-O b5 10. b3 b4 11. Na4 Ne4 12. Nd2 Nxd2 13. Bxd2 Nf6 14. Rfd1 a5 15.
Qc2 Bb7 16. Rac1 Rc8 17. Be1 h6 18. f3 e5 19. dxe5 Bxe5 20. Nc5 Ba8 21. Bh3 Rc7
22. Bf2 Qe7 23. Nd3 Bc3 24. c5 Bb7 25. Nb2 Nd7 26. Na4 Bf6 27. f4 Ba6 28. Re1
Bb5 29. e4 Bxa4 30. exd5 Qd8 31. d6 Rb7 32. bxa4 Nb8 33. Qc4 Bc3 34. Re2 Qf6
35. Rd1 b3 36. axb3 Rb4 37. Qd3 Rxb3 38. d7 Nxd7 39. Qxd7 Rbb8 40. Qf5 Rb4 41.
Qxf6 Bxf6 42. Bg2 Rxa4 43. Bxc6 Rc4 44. Bd5 Rc3 45. c6 a4 46. Be1 1-0

[Event "Pere Noel"]
[Site "Montreal CAN"]
[Date "2016.12.30"]
[Round "5.13"]
[White "Gagnon, Serge"]
[Black "Lemieux, Serge"]
[Result "1-0"]
[WhiteElo "1958"]
[BlackElo "1688"]
[PlyCount "191"]
[EventDate "2016.12.26"]
[EventType "swiss"]
[EventRounds "5"]
[EventCountry "CAN"]

1. d4 e6 2. c4 c6 3. Nc3 Nf6 4. Nf3 d5 5. Bg5 Be7 6. e3 Nbd7 7. Bd3 dxc4 8.
Bxc4 b5 9. Bd3 h6 10. Bh4 a5 11. O-O Bb7 12. Rc1 Nd5 13. Bxe7 Qxe7 14. Ne4 Nb4
15. Bb1 Rd8 16. a3 Nd5 17. Qc2 N5f6 18. Nc5 Nxc5 19. dxc5 a4 20. Rcd1 Qc7 21.
Nd2 Ng4 22. g3 f5 23. Nf3 Ke7 24. Qc3 Rxd1 25. Rxd1 Nf6 26. Ba2 Rd8 27. Rxd8
Qxd8 28. Qd4 Qxd4 29. Nxd4 Nd5 30. Bxd5 cxd5 31. Nxb5 Bc6 32. Nd4 Kd7 33. Kf1
g6 34. f4 g5 35. Ke2 Bb7 36. Kd3 Bc8 37. fxg5 hxg5 38. h4 gxh4 39. gxh4 Ke7 40.
Nc6+ Kf6 41. Kd4 Bb7 42. Ne5 Ba6 43. c6 Bc8 44. Nd7+ Ke7 45. Ke5 Bxd7 46. cxd7
Kxd7 47. h5 Ke7 48. h6 Kf7 49. h7 Kg7 50. Kxe6 d4 51. exd4 f4 52. d5 f3 53.
h8=Q+ Kxh8 54. d6 Kg7 55. d7 f2 56. d8=Q f1=Q 57. Qd4+ Kg6 58. Qg4+ Kh6 59. Qd4
Qh3+ 60. Kd6 Qh2+ 61. Kc6 Qc2+ 62. Kb5 Qb3+ 63. Ka5 Kh7 64. Qb4 Qd5+ 65. Kxa4
Qd1+ 66. Ka5 Qd8+ 67. Qb6 Qa8+ 68. Kb5 Qd5+ 69. Ka6 Qd3+ 70. Ka7 Kg8 71. Qb4
Qd7+ 72. Kb6 Qd8+ 73. Kb5 Qd5+ 74. Ka4 Qd7+ 75. Kb3 Kf7 76. a4 Qd1+ 77. Ka2 Ke8
78. a5 Qd5+ 79. Ka3 Qd3+ 80. b3 Kd8 81. Qc4 Qd1 82. a6 Qd6+ 83. b4 Qd1 84. b5
Qa1+ 85. Kb4 Qe1+ 86. Qc3 Qb1+ 87. Ka5 Qa2+ 88. Kb6 Qf2+ 89. Qc5 Qf6+ 90. Qc6
Qd4+ 91. Kb7 Qg7+ 92. Ka8 Qe7 93. b6 Qe6 94. Qc7+ Ke8 95. a7 Qd5+ 96. b7 1-0

[Event "Pere Noel"]
[Site "Montreal CAN"]
[Date "2016.12.30"]
[Round "5.14"]
[White "Gueorguiev, Valentin"]
[Black "Goldner, John"]
[Result "1-0"]
[WhiteElo "1982"]
[BlackElo "1714"]
[PlyCount "111"]
[EventDate "2016.12.26"]
[EventType "swiss"]
[EventRounds "5"]
[EventCountry "CAN"]

1. d4 d5 2. g3 Nf6 3. Bg2 e6 4. Nf3 c5 5. O-O Nc6 6. c4 Be7 7. Nc3 O-O 8. cxd5
exd5 9. dxc5 Bxc5 10. Na4 Be7 11. b3 h6 12. Bb2 Be6 13. Rc1 Ne4 14. Nd2 Bf5 15.
f3 Nf6 16. Kh1 Rc8 17. Nc5 Nb4 18. Bd4 Qb6 19. Bxf6 Bxc5 20. Bb2 Be3 21. a3
Rxc1 22. Bxc1 Bc2 23. Qe1 Na2 24. Bb2 Bxd2 25. Qxd2 Bxb3 26. Rb1 Rc8 27. Bd4
Qb5 28. Qxa2 Qc4 29. Qxb3 Qxd4 30. Qd3 Qe5 31. f4 Qf6 32. Qxd5 b6 33. Rd1 Qb2
34. Qd7 Rf8 35. Qd3 Rc8 36. a4 a6 37. Qxa6 Rc1 38. Qd3 g6 39. h3 Rc3 40. Qd8+
Kg7 41. Qd4+ Kg8 42. Bf3 Qb3 43. f5 gxf5 44. Rg1 Rc5 45. g4 fxg4 46. Rxg4+ Rg5
47. Rxg5+ hxg5 48. Qd8+ Kg7 49. Qxg5+ Kf8 50. Qg4 Qe3 51. Kg2 Qc5 52. h4 Qd6
53. h5 Qf6 54. e3 Ke7 55. Qf4 Qg7+ 56. Kh3 1-0

[Event "Pere Noel"]
[Site "Montreal CAN"]
[Date "2016.12.30"]
[Round "5.15"]
[White "Zhong, Kevin"]
[Black "Getman, Jacob"]
[Result "1-0"]
[WhiteElo "1819"]
[BlackElo "1398"]
[PlyCount "75"]
[EventDate "2016.12.26"]
[EventType "swiss"]
[EventRounds "5"]
[EventCountry "CAN"]

1. e4 c5 2. Ne2 Nf6 3. Nbc3 Nc6 4. g3 d5 5. exd5 Nxd5 6. Bg2 e6 7. O-O g6 8.
Re1 Nce7 9. Ne4 Bg7 10. Nxc5 Qc7 11. d4 b6 12. Ne4 O-O 13. Nf4 Bb7 14. c3 Rfd8
15. Nd3 Rac8 16. Ng5 e5 17. Nf3 e4 18. Rxe4 Nxc3 19. Rxe7 Nxd1 20. Rxc7 Rxc7
21. Bf4 Rcd7 22. Rxd1 Bxd4 23. Nfe1 Bxg2 24. Kxg2 Kg7 25. Kf3 Kf6 26. Nc2 Kf5
27. g4+ Kf6 28. Nxd4 Rxd4 29. Be5+ Kg5 30. Bxd4 Rxd4 31. h3 f5 32. gxf5 Kxf5
33. b3 g5 34. Nb2 Rf4+ 35. Kg3 h5 36. Rd7 Ke4 37. Rxa7 Rf6 38. Ra6 1-0